<?xml version="1.0" encoding="UTF-8"?>
<record
    xmlns:xsi="http://www.w3.org/2001/XMLSchema-instance"
    xsi:schemaLocation="http://www.loc.gov/MARC21/slim http://www.loc.gov/standards/marcxml/schema/MARC21slim.xsd"
    xmlns="http://www.loc.gov/MARC21/slim">

  <leader>01750nam a22001577a 4500</leader>
  <datafield tag="082" ind1=" " ind2=" ">
    <subfield code="a">670</subfield>
  </datafield>
  <datafield tag="100" ind1=" " ind2=" ">
    <subfield code="a">Siddique, M. Zeeshan </subfield>
    <subfield code="9">119614</subfield>
  </datafield>
  <datafield tag="245" ind1=" " ind2=" ">
    <subfield code="a">Investigation of Turning Parameter of Machining Inconel 718 /</subfield>
    <subfield code="c">M. Zeeshan Siddique</subfield>
  </datafield>
  <datafield tag="264" ind1=" " ind2=" ">
    <subfield code="a">Islamabad :</subfield>
    <subfield code="b">SMME- NUST; </subfield>
    <subfield code="c">2023.</subfield>
  </datafield>
  <datafield tag="300" ind1=" " ind2=" ">
    <subfield code="a">72p.</subfield>
    <subfield code="b">Soft Copy</subfield>
    <subfield code="c">30cm</subfield>
  </datafield>
  <datafield tag="520" ind1=" " ind2=" ">
    <subfield code="a">Sustainable manufacturing systems depends upon two important elements i.e., economy and
productivity. While economy is associated to the processes that are energy efficient having high
output to input ratio, productivity focuses on the quality and quantity. Due to high energy loss and
tool wear, machinability of hard to cut materials such as nickel alloys are always challenging.
Usage of cutting fluids have positive effect on tool life, surface quality while reducing the cutting
forces and temperature. In this study, the effect of input cutting parameters including feed, speed,
cutting depth, and three different types cooling conditions (dry, MQL and wet) on surface
roughness, specific cutting energy and tool wear during turning of Inconel 718 was investigated.
Taguchi design of experiment has been employed for experimental design. To find out the
influence of each input parameter on various output responses Analysis of Variance was
conducted. When machining at optimal machining conditions obtained through ANOVA, energy
consumption was reduced by 27%, while improvement of 30% and 15 % was observed in tool
wear and surface roughness, respectively. </subfield>
  </datafield>
  <datafield tag="650" ind1=" " ind2=" ">
    <subfield code="a">MS Design and Manufacturing Engineering                             </subfield>
    <subfield code="9">119567</subfield>
  </datafield>
  <datafield tag="700" ind1=" " ind2=" ">
    <subfield code="a">Supervisor : Dr. Syed Hussain Imran Jaffery</subfield>
  </datafield>
  <datafield tag="856" ind1=" " ind2=" ">
    <subfield code="u">http://10.250.8.41:8080/xmlui/handle/123456789/37799</subfield>
  </datafield>
  <datafield tag="942" ind1=" " ind2=" ">
    <subfield code="2">ddc</subfield>
    <subfield code="c">THE</subfield>
  </datafield>
  <datafield tag="999" ind1=" " ind2=" ">
    <subfield code="c">607281</subfield>
    <subfield code="d">607281</subfield>
  </datafield>
  <datafield tag="952" ind1=" " ind2=" ">
    <subfield code="0">0</subfield>
    <subfield code="1">0</subfield>
    <subfield code="4">0</subfield>
    <subfield code="7">0</subfield>
    <subfield code="a">SMME</subfield>
    <subfield code="b">SMME</subfield>
    <subfield code="c">EB</subfield>
    <subfield code="d">2023-12-11</subfield>
    <subfield code="l">0</subfield>
    <subfield code="o">670</subfield>
    <subfield code="p">SMME-TH-912</subfield>
    <subfield code="r">2023-12-11</subfield>
    <subfield code="w">2023-12-11</subfield>
    <subfield code="y">THE</subfield>
  </datafield>
</record>
